[Event "France 2019 - Accession"]
[Site "Chartres"]
[Date "2019.08.20"]
[Round "4.4"]
[White "Pigeat, Alexandre"]
[Black "Abergel, Thal"]
[Result "1/2-1/2"]
[WhiteElo "2377"]
[BlackElo "2471"]
[PlyCount "248"]
[EventDate "2019.08.??"]
[EventType "swiss"]
[EventRounds "9"]
[EventCountry "FRA"]
[WhiteTeam "Esbarres Bonnencontre Echecs"]
[BlackTeam "Grasse Echecs"]
[WhiteClock "0:18:42"]
[BlackClock "0:16:33"]

1. d4 {[%emt 0:00:06]} d5 {[%emt 0:00:08]} 2. c4 {[%emt 0:00:58]} e6 {[%emt 0:
00:10]} 3. Nc3 {[%emt 0:00:24]} a6 {[%emt 0:00:19]} 4. cxd5 {[%emt 0:03:13]}
exd5 {[%emt 0:00:05]} 5. e3 {[%emt 0:00:50]} Nf6 {[%emt 0:01:05]} 6. Nge2 {
[%emt 0:00:48]} Bd6 {[%emt 0:02:02]} 7. Ng3 {[%emt 0:03:31]} O-O {[%emt 0:03:
07]} 8. Bd3 {[%emt 0:02:04]} Re8 {[%emt 0:02:42]} 9. O-O {[%emt 0:00:28]} Nc6 {
[%emt 0:02:53]} 10. Bc2 {[%emt 0:09:58]} Be6 {[%emt 0:12:23]} 11. h3 {[%emt 0:
09:30]} Qd7 {[%emt 0:04:55]} 12. f4 {[%emt 0:01:38]} Ne7 {[%emt 0:01:15]} 13.
Qd3 {[%emt 0:16:03]} g6 {[%emt 0:03:31]} 14. Qd1 {[%emt 0:01:16]} Nf5 {[%emt 0:
11:55]} 15. Nxf5 {[%emt 0:08:50]} Bxf5 {[%emt 0:00:42]} 16. g4 {[%emt 0:01:14]}
Bxc2 {[%emt 0:00:08]} 17. Qxc2 {[%emt 0:01:22]} c6 {[%emt 0:00:24]} 18. Na4 {
[%emt 0:11:29]} Qe7 {[%emt 0:02:48]} 19. a3 {[%emt 0:06:37]} h5 {[%emt 0:08:37]
} 20. g5 {[%emt 0:03:15]} Ne4 {[%emt 0:01:44]} 21. Nc3 {[%emt 0:00:06]} Qd7 {
[%emt 0:03:30]} 22. Qg2 {[%emt 0:00:23]} Qf5 {[%emt 0:01:17]} 23. Rf3 {[%emt 0:
02:17]} c5 {[%emt 0:03:54]} 24. Bd2 {[%emt 0:04:51]} cxd4 {[%emt 0:00:16]} 25.
exd4 {[%emt 0:00:05]} Re6 {[%emt 0:01:39]} 26. Raf1 {[%emt 0:06:23]} Rae8 {
[%emt 0:00:47]} 27. Nd1 {[%emt 0:00:31]} Nxd2 {[%emt 0:04:40]} 28. Qxd2 {
[%emt 0:00:04]} Re2 {[%emt 0:05:22]} 29. Qd3 {[%emt 0:00:13]} Qxd3 {[%emt 0:08:
34]} 30. Rxd3 {[%emt 0:00:07]} Re1 {[%emt 0:01:01]} 31. Rxe1 {[%emt 0:06:45]}
Rxe1+ {[%emt 0:00:04]} 32. Kf2 {[%emt 0:00:05]} Re4 {[%emt 0:00:49]} 33. Nc3 {
[%emt 0:00:46]} Rxf4+ {[%emt 0:00:24]} 34. Kg2 {[%emt 0:00:20]} Kg7 {[%emt 0:
00:39]} 35. Ne2 {[%emt 0:01:50]} Rf5 {[%emt 0:06:33]} 36. h4 {[%emt 0:00:06]}
f6 {[%emt 0:00:13]} 37. gxf6+ {[%emt 0:00:21]} Rxf6 {[%emt 0:01:08]} 38. Rb3 {
[%emt 0:00:05]} b5 {[%emt 0:00:16]} 39. Rc3 {[%emt 0:01:03]} b4 {[%emt 0:01:57]
} 40. axb4 {[%emt 0:00:05]} Bxb4 {[%emt 0:00:02]} 41. Rc7+ {[%emt 0:01:06]} Kh6
{[%emt 0:01:12]} 42. Ng1 {[%emt 0:01:43]} g5 {[%emt 0:07:52]} 43. hxg5+ {
[%emt 0:00:34]} Kxg5 {[%emt 0:00:02]} 44. Rd7 {[%emt 0:00:25]} Rd6 {[%emt 0:05:
49]} 45. Rf7 {[%emt 0:02:49]} Kg6 {[%emt 0:00:35]} 46. Rb7 {[%emt 0:01:50]} Ba5
{[%emt 0:01:51]} 47. Nf3 {[%emt 0:02:36]} Kf5 {[%emt 0:05:15]} 48. Re7 {
[%emt 0:08:11]} Kf4 {[%emt 0:02:01]} 49. Ne5 {[%emt 0:02:03]} Rb6 {[%emt 0:10:
16]} 50. Nd3+ {[%emt 0:00:13]} Kg4 {[%emt 0:00:06]} 51. Rg7+ {[%emt 0:05:26]}
Kf5 {[%emt 0:00:36]} 52. Re7 {[%emt 0:00:14]} Kf6 {[%emt 0:00:26]} 53. Re5 {
[%emt 0:00:24]} Rb3 {[%emt 0:00:15]} 54. Rxd5 {[%emt 0:00:20]} Bd2 {[%emt 0:00:
28]} 55. Nc5 {[%emt 0:01:38]} Rxb2 {[%emt 0:00:20]} 56. Nxa6 {[%emt 0:00:27]}
Bg5+ {[%emt 0:00:16]} 57. Kf3 {[%emt 0:00:20]} Rb3+ {[%emt 0:00:37]} 58. Kf2 {
[%emt 0:00:43]} Rb2+ {[%emt 0:01:37]} 59. Kf3 {[%emt 0:00:06]} Rb3+ {[%emt 0:
00:40]} 60. Kf2 {[%emt 0:00:05]} Bh4+ {[%emt 0:00:25]} 61. Kg2 {[%emt 0:00:07]}
Kg6 {[%emt 0:00:08]} 62. Nc5 {[%emt 0:00:09]} Re3 {[%emt 0:00:35]} 63. Re5 {
[%emt 0:00:31]} Rg3+ {[%emt 0:00:02]} 64. Kh2 {[%emt 0:00:20]} Ra3 {[%emt 0:00:
26]} 65. Re6+ {[%emt 0:00:12]} Kf5 {[%emt 0:00:30]} 66. Re5+ {[%emt 0:00:05]}
Kg6 {[%emt 0:00:46]} 67. Re6+ {[%emt 0:00:10]} Kf7 {[%emt 0:00:21]} 68. Rh6 {
[%emt 0:00:54]} Bg3+ {[%emt 0:00:51]} 69. Kg2 {[%emt 0:00:05]} h4 {[%emt 0:00:
04]} 70. Ra6 {[%emt 0:00:34]} Re3 {[%emt 0:00:15]} 71. Nd7 {[%emt 0:02:27]} Ke7
{[%emt 0:01:38]} 72. Ne5 {[%emt 0:00:09]} h3+ {[%emt 0:00:03]} 73. Kxh3 {
[%emt 0:00:55]} Bxe5+ {[%emt 0:00:02]} 74. Kg4 {[%emt 0:00:18]} Bxd4 {[%emt 0:
00:12]} 75. Kf4 {[%emt 0:00:13]} Rb3 {[%emt 0:00:19]} 76. Ke4 {[%emt 0:00:18]}
Bc5 {[%emt 0:00:08]} 77. Rc6 {[%emt 0:00:21]} Bd6 {[%emt 0:00:06]} 78. Rc8 {
[%emt 0:00:47]} Ke6 {[%emt 0:00:16]} 79. Re8+ {[%emt 0:00:12]} Kd7 {[%emt 0:00:
10]} 80. Rg8 {[%emt 0:00:06]} Kc6 {[%emt 0:00:34]} 81. Rc8+ {[%emt 0:00:07]}
Bc7 {[%emt 0:00:04]} 82. Kd4 {[%emt 0:00:15]} Rb4+ {[%emt 0:00:03]} 83. Kc3 {
[%emt 0:00:11]} Rh4 {[%emt 0:00:02]} 84. Kd3 {[%emt 0:00:09]} Kd7 {[%emt 0:00:
12]} 85. Rg8 {[%emt 0:00:07]} Ke6 {[%emt 0:00:09]} 86. Re8+ {[%emt 0:00:08]}
Kd5 {[%emt 0:00:03]} 87. Re7 {[%emt 0:00:42]} Bd6 {[%emt 0:00:50]} 88. Rd7 {
[%emt 0:00:05]} Rh3+ {[%emt 0:00:04]} 89. Ke2 {[%emt 0:00:05]} Ke6 {[%emt 0:00:
05]} 90. Ra7 {[%emt 0:00:30]} Kf5 {[%emt 0:00:06]} 91. Ra4 {[%emt 0:00:20]} Bf4
{[%emt 0:00:13]} 92. Rc4 {[%emt 0:00:21]} Ke5 {[%emt 0:00:05]} 93. Ra4 {
[%emt 0:00:08]} Re3+ {[%emt 0:00:02]} 94. Kf2 {[%emt 0:00:10]} Kf5 {[%emt 0:00:
16]} 95. Ra8 {[%emt 0:00:17]} Rb3 {[%emt 0:00:32]} 96. Ke2 {[%emt 0:00:14]}
Re3+ {[%emt 0:00:15]} 97. Kf2 {[%emt 0:00:02]} Rd3 {[%emt 0:00:16]} 98. Ke2 {
[%emt 0:00:14]} Rd7 {[%emt 0:00:18]} 99. Kf3 {[%emt 0:00:12]} Be5 {[%emt 0:00:
30]} 100. Rf8+ {[%emt 0:00:22]} Bf6 {[%emt 0:00:02]} 101. Ke2 {[%emt 0:00:21]}
Ke5 {[%emt 0:00:14]} 102. Re8+ {[%emt 0:00:34]} Kf4 {[%emt 0:00:13]} 103. Rf8 {
[%emt 0:00:06]} Rd6 {[%emt 0:00:03]} 104. Re8 {[%emt 0:00:24]} Be5 {[%emt 0:00:
56]} 105. Ra8 {[%emt 0:00:21]} Ke4 {[%emt 0:00:05]} 106. Ra4+ {[%emt 0:00:28]}
Bd4 {[%emt 0:00:01]} 107. Ra8 {[%emt 0:00:30]} Rb6 {[%emt 0:00:05]} 108. Re8+ {
[%emt 0:00:26]} Be5 {[%emt 0:00:02]} 109. Rd8 {[%emt 0:00:10]} Rb3 {[%emt 0:00:
22]} 110. Rd7 {[%emt 0:00:15]} Bf6 {[%emt 0:00:20]} 111. Rd6 {[%emt 0:00:18]}
Bd4 {[%emt 0:00:04]} 112. Re6+ {[%emt 0:00:11]} Be5 {[%emt 0:00:02]} 113. Re8 {
[%emt 0:00:32]} Rb2+ 114. Kf1 {[%emt 0:00:38]} Kd4 {[%emt 0:01:14]} 115. Kg1 {
[%emt 0:00:22]} Bf4 {[%emt 0:01:45]} 116. Kh1 {[%emt 0:00:59]} Be3 {[%emt 0:00:
21]} 117. Re7 {[%emt 0:00:10]} Kd3 {[%emt 0:00:07]} 118. Re8 {[%emt 0:00:12]}
Rf2 {[%emt 0:01:03]} 119. Ra8 {[%emt 0:00:33]} Ke4 {[%emt 0:00:08]} 120. Re8+ {
[%emt 0:00:06]} Kf3 {[%emt 0:00:03]} 121. Rf8+ {[%emt 0:02:00]} Bf4 {[%emt 0:
00:05]} 122. Rg8 {[%emt 0:00:29]} Rh2+ {[%emt 0:00:28]} 123. Kg1 {[%emt 0:00:
04]} Rh7 {[%emt 0:00:08]} 124. Kf1 {[%emt 0:00:20]} Ra7 {[%emt 0:00:29]}
1/2-1/2

[Event "France 2019 - Accession"]
[Site "Chartres"]
[Date "2019.08.20"]
[Round "4.7"]
[White "Bailet, Pierre"]
[Black "Dutreuil, Raphael"]
[Result "1-0"]
[WhiteElo "2490"]
[BlackElo "2313"]
[PlyCount "83"]
[EventDate "2019.08.??"]
[EventType "swiss"]
[EventRounds "9"]
[EventCountry "FRA"]
[WhiteTeam "Vandoeuvre-Echecs"]
[BlackTeam "U.S.Villejuif Echecs"]

1. e4 c5 2. Nf3 e6 3. g3 Nc6 4. Bg2 Nf6 5. d3 d6 6. O-O Be7 7. Re1 O-O 8. c3
Bd7 9. d4 cxd4 10. cxd4 d5 11. e5 Ne4 12. Nbd2 Nxd2 13. Bxd2 Qb6 14. Bc3 a5 15.
h4 a4 16. a3 Na5 17. Nd2 f6 18. exf6 Bxf6 19. Nf3 Nc4 20. Qe2 Rae8 21. Rad1 Bb5
22. Qc2 Rc8 23. Bh3 Bd7 24. Re2 Be7 25. Ng5 Bxg5 26. hxg5 Rc6 27. Rde1 Nd6 28.
Bxe6+ Bxe6 29. Rxe6 Ne4 30. R6xe4 dxe4 31. Qxe4 Rcc8 32. Qd5+ Kh8 33. Re6 Qc7
34. Qe4 Qf7 35. f4 Qf5 36. Qxf5 Rxf5 37. Re7 b5 38. Kf2 Rd5 39. Ke3 Kg8 40. Ke4
Rcd8 41. Re5 Rxe5+ 42. fxe5 1-0

[Event "France 2019 - Accession"]
[Site "Chartres"]
[Date "2019.08.20"]
[Round "4.8"]
[White "Maurizzi, Marc Andria"]
[Black "Daeschler, Florian"]
[Result "1-0"]
[WhiteElo "2419"]
[BlackElo "2303"]
[PlyCount "67"]
[EventDate "2019.08.??"]
[EventType "swiss"]
[EventRounds "9"]
[EventCountry "FRA"]
[WhiteTeam "Corsica Chess Club"]
[BlackTeam "Club d'Echecs de Mundolsheim"]

1. e4 e5 2. Nf3 Nc6 3. Bc4 Nf6 4. d3 Be7 5. O-O O-O 6. Re1 d6 7. a3 Kh8 8. h3
Ng8 9. Nc3 f5 10. Nd5 Bf6 11. b4 Nce7 12. Nxf6 Nxf6 13. d4 Nxe4 14. dxe5 d5 15.
Bf1 a5 16. Bb2 Qe8 17. Nd4 Qg6 18. e6 c6 19. f3 Ng3 20. Qd2 Nxf1 21. Kxf1 b6
22. bxa5 Rxa5 23. Qb4 Qe8 24. Qxb6 Qd8 25. Qxd8 Rxd8 26. Bc3 Ra6 27. Bb4 Re8
28. Bxe7 Rxe7 29. Nxf5 Rxe6 30. Nd4 Rxe1+ 31. Rxe1 Bd7 32. Re7 Ra7 33. Ne6 c5
34. Kf2 1-0

[Event "France 2019 - Accession"]
[Site "Chartres"]
[Date "2019.08.20"]
[Round "4.9"]
[White "Pucher, Sebastien"]
[Black "Lux, Hugo De Melo"]
[Result "1/2-1/2"]
[WhiteElo "2316"]
[BlackElo "2401"]
[PlyCount "104"]
[EventDate "2019.08.??"]
[EventType "swiss"]
[EventRounds "9"]
[EventCountry "FRA"]
[WhiteTeam "Club d'Echecs Metz Fischer"]
[BlackTeam "Echecs 16"]

1. c4 Nf6 2. g3 c5 3. Bg2 Nc6 4. Nf3 d5 5. cxd5 Nxd5 6. Nc3 Nc7 7. O-O e5 8. a3
f6 9. e3 Be7 10. d4 cxd4 11. exd4 exd4 12. Ne2 Ne6 13. b4 Qb6 14. Bb2 O-O 15.
Nexd4 Ncxd4 16. Nxd4 Rd8 17. Qb3 Kh8 18. Rae1 Nxd4 19. Bxd4 Qxd4 20. Rxe7 Bf5
21. Qf3 Bc8 22. Rfe1 Rf8 23. Rd1 Qc4 24. Bf1 Bg4 25. Bxc4 Bxf3 26. Rdd7 Rfc8
27. Rc7 Rxc7 28. Rxc7 Rd8 29. Bb3 g5 30. Bc2 h5 31. h3 Rd2 32. b5 Kg8 33. Kf1
Rd6 34. Bb3+ Kf8 35. Bc2 Ke8 36. Rc3 g4 37. h4 Rd5 38. a4 Ke7 39. Ke1 Ke8 40.
Rd3 Rc5 41. Re3+ Kd7 42. Kd2 a6 43. bxa6 bxa6 44. Rc3 Ra5 45. Rc4 Kd6 46. Rf4
Ke6 47. Kc3 Bc6 48. Rb4 Kd6 49. Rd4+ Ke7 50. Bd3 Ke6 51. Rf4 Rxa4 52. Rxa4 Bxa4
1/2-1/2

[Event "France 2019 - Accession"]
[Site "Chartres"]
[Date "2019.08.20"]
[Round "4.10"]
[White "Ollier, Pablo"]
[Black "Cotonnec, Melkior"]
[Result "1/2-1/2"]
[WhiteElo "2382"]
[BlackElo "2299"]
[PlyCount "68"]
[EventDate "2019.08.??"]
[EventType "swiss"]
[EventRounds "9"]
[EventCountry "FRA"]
[WhiteTeam "Echiquier Médocain"]
[BlackTeam "C.E. de Rueil Malmaison"]

1. d4 Nf6 2. c4 g6 3. Nc3 d5 4. e3 Bg7 5. Qb3 dxc4 6. Bxc4 O-O 7. Nf3 Nc6 8.
Be2 Ne8 9. O-O e5 10. dxe5 Nxe5 11. Rd1 Nxf3+ 12. Bxf3 Qh4 13. a4 c6 14. a5 Nc7
15. Ra4 Qe7 16. Re4 Qg5 17. Ra4 Na6 18. e4 Qe7 19. Be3 Be6 20. Qa3 Qxa3 21.
Rxa3 Rfe8 22. Be2 Nb4 23. Rc1 Bf8 24. Bg5 h6 25. Bf6 Na6 26. Raa1 Nc5 27. Re1
Nb3 28. Ra4 Nc5 29. Rd4 Nb3 30. Ra4 Nc5 31. Raa1 Nb3 32. Ra4 Nc5 33. Rd4 Nb3
34. Ra4 Nc5 1/2-1/2

[Event "France 2019 - Accession"]
[Site "Chartres"]
[Date "2019.08.20"]
[Round "4.11"]
[White "Debray, Christopher"]
[Black "Fruchard, Cyrille"]
[Result "1-0"]
[WhiteElo "2352"]
[BlackElo "2261"]
[PlyCount "79"]
[EventDate "2019.08.??"]
[EventType "swiss"]
[EventRounds "9"]
[EventCountry "FRA"]
[WhiteTeam "Grasse Echecs"]
[BlackTeam "La Dame Noire"]

1. d4 Nf6 2. c4 g6 3. Nc3 Bg7 4. e4 d6 5. Nf3 O-O 6. Be2 e5 7. O-O Nc6 8. dxe5
dxe5 9. Bg5 Qxd1 10. Rfxd1 Bg4 11. h3 Bxf3 12. Bxf3 Nd4 13. Nd5 Nxd5 14. cxd5
h6 15. Be3 c5 16. dxc6 bxc6 17. Rac1 Rab8 18. b3 Rb6 19. Rc4 Ra6 20. Rd2 Rd8
21. Kf1 Kf8 22. Be2 Ra3 23. Rxc6 Ke8 24. Ra6 Rxa6 25. Bxa6 Ke7 26. Rd1 Rd6 27.
Bc4 Rc6 28. f4 a6 29. g3 Nc2 30. Bc1 exf4 31. gxf4 Bd4 32. Rd2 Ne3+ 33. Ke2 Ba7
34. Ba3+ Ke8 35. Bxf7+ Kxf7 36. Rd7+ Ke6 37. Re7+ Kf6 38. Rxa7 Ng2 39. Kf3 Ne1+
40. Kf2 1-0

[Event "France 2019 - Accession"]
[Site "Chartres"]
[Date "2019.08.20"]
[Round "4.12"]
[White "Le Corre, Benjamin"]
[Black "Sanchez, Louis"]
[Result "1-0"]
[WhiteElo "2281"]
[BlackElo "2331"]
[PlyCount "75"]
[EventDate "2019.08.??"]
[EventType "swiss"]
[EventRounds "9"]
[EventCountry "FRA"]
[WhiteTeam "Ecole Française d'Echecs de Metz"]
[BlackTeam "Corsica Chess Club"]

1. d4 g6 2. c4 Bg7 3. Nc3 Nf6 4. e4 d6 5. Nge2 O-O 6. Ng3 a6 7. Be2 c5 8. d5 b5
9. cxb5 axb5 10. Bxb5 Ba6 11. Bxa6 Nxa6 12. O-O Qb6 13. b3 Rfb8 14. Qe2 Nd7 15.
Na4 Qb5 16. Bb2 c4 17. Bxg7 Kxg7 18. Nc3 Qb4 19. Rac1 cxb3 20. axb3 Nac5 21.
Nd1 Qxb3 22. Ne3 Nf6 23. e5 Nxd5 24. Nxd5 Qxd5 25. exd6 exd6 26. Rfd1 Qg5 27.
h4 Qxh4 28. Rxd6 Qf4 29. Rdd1 Ne6 30. Rc4 Qf6 31. Qg4 Rb5 32. Ne4 Qe5 33. Nd6
Rd5 34. Nxf7 Rxd1+ 35. Qxd1 Qf6 36. Nd6 Rd8 37. Qd5 Rd7 38. Ne8+ 1-0

[Event "France 2019 - Accession"]
[Site "Chartres"]
[Date "2019.08.20"]
[Round "4.13"]
[White "Philippe, Guillaume"]
[Black "Gertosio, Franck"]
[Result "0-1"]
[WhiteElo "2321"]
[BlackElo "2267"]
[PlyCount "26"]
[EventDate "2019.08.??"]
[EventType "swiss"]
[EventRounds "9"]
[EventCountry "FRA"]
[WhiteTeam "L'Echiquier Châlonnais"]
[BlackTeam "Ste Foy Echecs"]

1. e4 e6 2. d3 d5 3. Nd2 c5 4. Ngf3 Nc6 5. g3 Nge7 6. Bg2 g6 7. O-O Bg7 8. c3
b6 9. Re1 Bb7 10. e5 g5 11. Nxg5 Nxe5 12. Ngf3 N7g6 13. Nxe5 Bxe5 0-1

[Event "France 2019 - Accession"]
[Site "Chartres"]
[Date "2019.08.20"]
[Round "4.14"]
[White "Barseghyan, Harutyun"]
[Black "Mouhamad, Joachim"]
[Result "1-0"]
[WhiteElo "2519"]
[BlackElo "2288"]
[PlyCount "63"]
[EventDate "2019.08.??"]
[EventType "swiss"]
[EventRounds "9"]
[EventCountry "FRA"]
[WhiteTeam "Nice Alekhine"]
[BlackTeam "Clichy-Echecs-92"]

1. d4 Nf6 2. c4 g6 3. Nc3 d5 4. Bf4 Bg7 5. e3 O-O 6. Rc1 Be6 7. Nf3 c6 8. c5
Bc8 9. h3 Nfd7 10. Be2 b6 11. cxb6 axb6 12. O-O Ba6 13. a3 Re8 14. e4 dxe4 15.
Nxe4 Bxe2 16. Qxe2 Nf6 17. Nxf6+ exf6 18. Qc2 Qd5 19. Bxb8 Raxb8 20. Qxc6 Red8
21. Rfe1 Qxc6 22. Rxc6 f5 23. Re7 Bxd4 24. Nxd4 Rxd4 25. Rf6 Rd1+ 26. Kh2 Rd2
27. Rfxf7 Rxb2 28. Rg7+ Kf8 29. Ref7+ Ke8 30. Rxh7 Re2 31. Ra7 Kd8 32. Rag7 1-0

[Event "France 2019 - Accession"]
[Site "Chartres"]
[Date "2019.08.20"]
[Round "4.15"]
[White "Meunier, Clement"]
[Black "Bijaoui, Manuel"]
[Result "0-1"]
[WhiteElo "2291"]
[BlackElo "2433"]
[PlyCount "88"]
[EventDate "2019.08.??"]
[EventType "swiss"]
[EventRounds "9"]
[EventCountry "FRA"]
[WhiteTeam "L'Echiquier du Roy René"]
[BlackTeam "A.J.E. Noyon"]

1. e4 c5 2. Nf3 d6 3. d4 cxd4 4. Nxd4 Nf6 5. Nc3 a6 6. Bg5 e6 7. f4 h6 8. Bh4
Be7 9. Qe2 Nxe4 10. Bxe7 Nxc3 11. Qxe6 fxe6 12. Bxd8 Kxd8 13. bxc3 e5 14. fxe5
dxe5 15. Nf3 Nc6 16. O-O-O+ Kc7 17. Bd3 Bg4 18. Be4 Rae8 19. Rde1 Bxf3 20. gxf3
Re7 21. Reg1 Rf8 22. Rg6 Nd8 23. Bd5 Rd7 24. c4 Nc6 25. Be6 Re7 26. Rhg1 Nd4
27. Rxg7 Kd6 28. Bd5 Ne2+ 29. Kd2 Nxg1 30. Rxg1 Rf6 31. Rb1 Kc5 32. Bxb7 Rb6
33. Rxb6 Kxb6 34. Bd5 Kc5 35. Ke3 Rg7 36. f4 exf4+ 37. Kxf4 a5 38. a4 Rg1 39.
Be6 Kd6 40. Bg4 Ra1 41. Ke4 Rxa4 42. Kd4 Rb4 43. c3 Rb3 44. c5+ Kc7 0-1

[Event "France 2019 - Accession"]
[Site "Chartres"]
[Date "2019.08.20"]
[Round "4.16"]
[White "Duboue, Peio"]
[Black "Bacrot, Alexandre"]
[Result "1-0"]
[WhiteElo "2413"]
[BlackElo "2272"]
[PlyCount "93"]
[EventDate "2019.08.??"]
[EventType "swiss"]
[EventRounds "9"]
[EventCountry "FRA"]
[WhiteTeam "Echiquier de l'Erdre"]
[BlackTeam "La Tour Hyéroise"]

1. e4 e5 2. Nf3 Nc6 3. Bc4 Nf6 4. d3 h6 5. a4 d6 6. a5 a6 7. Nbd2 g6 8. Nf1 Bg7
9. Ng3 O-O 10. O-O d5 11. exd5 Nxd5 12. c3 b5 13. axb6 cxb6 14. Re1 Kh7 15. d4
exd4 16. cxd4 Bb7 17. h4 Na5 18. Bd3 Nb4 19. Bb1 Rc8 20. h5 Bxf3 21. Qxf3 Nc2
22. Bxc2 Rxc2 23. Qd3 Qc8 24. Be3 Qc4 25. Qe4 Nb3 26. Rxa6 Nxd4 27. Rxb6 Ne2+
28. Kh2 Qxe4 29. Nxe4 Re8 30. Nf6+ Bxf6 31. Rxf6 Re5 32. Rxf7+ Kg8 33. Rf3
Rxh5+ 34. Rh3 Rxh3+ 35. Kxh3 Rxb2 36. Bxh6 Nd4 37. Be3 Rb3 38. Kg4 Nc2 39. Re2
Nxe3+ 40. fxe3 Kg7 41. e4 Kf6 42. e5+ Ke6 43. Kg5 Rg3+ 44. Kf4 Rd3 45. g4 Rd8
46. Kg5 Rg8 47. Re1 1-0

[Event "France 2019 - Accession"]
[Site "Chartres"]
[Date "2019.08.20"]
[Round "4.17"]
[White "Nguyen, Vincent"]
[Black "Willems, Niels"]
[Result "1-0"]
[WhiteElo "2288"]
[BlackElo "2351"]
[PlyCount "73"]
[EventDate "2019.08.??"]
[EventType "swiss"]
[EventRounds "9"]
[EventCountry "FRA"]
[WhiteTeam "La tour de Juvisy"]
[BlackTeam "Echecs Club Montpellier"]

1. e4 c6 2. d4 d5 3. e5 Bf5 4. Nd2 e6 5. Nb3 Nd7 6. Be3 Ne7 7. Be2 Qc7 8. h4 h6
9. g4 Be4 10. f3 Bh7 11. h5 c5 12. c3 Nc6 13. Rc1 cxd4 14. cxd4 Qb6 15. f4 Be4
16. Bf3 Bxf3 17. Nxf3 a5 18. O-O a4 19. Nc5 Nxc5 20. dxc5 Qxb2 21. Qd3 Qb4 22.
Rb1 Qa5 23. Rb5 Qa6 24. Qb1 d4 25. Nxd4 Nxd4 26. Bxd4 Rd8 27. Bf2 Rd7 28. c6
Qxc6 29. Rc1 Qf3 30. Rc8+ Rd8 31. Rxd8+ Kxd8 32. Rxb7 Qxg4+ 33. Kf1 Qh3+ 34.
Ke2 Qg4+ 35. Ke1 Qf3 36. Qb6+ Ke8 37. Qb5+ 1-0

[Event "France 2019 - Accession"]
[Site "Chartres"]
[Date "2019.08.20"]
[Round "4.18"]
[White "Boyer, Mahel"]
[Black "Duquesne, Adrien"]
[Result "0-1"]
[WhiteElo "2341"]
[BlackElo "2170"]
[PlyCount "94"]
[EventDate "2019.08.??"]
[EventType "swiss"]
[EventRounds "9"]
[EventCountry "FRA"]
[WhiteTeam "Echiquier Nîmois"]
[BlackTeam "Evry Grand Roque"]

1. e4 c5 2. d3 Nc6 3. g3 d5 4. Bg2 Nf6 5. exd5 Nxd5 6. Nf3 g6 7. O-O Bg7 8.
Nbd2 O-O 9. Nb3 Qd6 10. Nfd2 b6 11. Nc4 Qd7 12. a4 Bb7 13. h4 Nd4 14. c3 Nxb3
15. Qxb3 Rab8 16. h5 Nc7 17. Bxb7 Rxb7 18. h6 Bf6 19. Bf4 Qd5 20. Qc2 Ne6 21.
Be3 Rd7 22. Rad1 Rfd8 23. f4 Qh5 24. Kg2 Qxh6 25. Rh1 Qg7 26. g4 g5 27. f5 Nf4+
28. Bxf4 gxf4 29. Qe2 h5 30. Rxh5 Rxd3 31. Rxd3 Rxd3 32. Qxd3 Qxg4+ 33. Kf1
Qxh5 34. Nd2 Qh1+ 35. Ke2 Kg7 36. Qf3 Qxf3+ 37. Kxf3 Be5 38. Nc4 Bc7 39. Nd2
Kf6 40. Kg4 Ke5 41. b3 a6 42. Kg5 b5 43. Kg4 f6 44. Kf3 Kxf5 45. c4 bxa4 46.
bxa4 Ke5 47. Nb3 Bd6 0-1

[Event "France 2019 - Accession"]
[Site "Chartres"]
[Date "2019.08.20"]
[Round "4.19"]
[White "Devallee, Jeremie"]
[Black "Delorme, Alban"]
[Result "0-1"]
[WhiteElo "2270"]
[BlackElo "2308"]
[PlyCount "66"]
[EventDate "2019.08.??"]
[EventType "swiss"]
[EventRounds "9"]
[EventCountry "FRA"]
[WhiteTeam "C'Chartres Echecs"]
[BlackTeam "Echecs 16"]

1. e4 d5 2. exd5 Qxd5 3. Nc3 Qd6 4. d4 g6 5. Bc4 Bg7 6. Nf3 a6 7. O-O Nf6 8. a4
O-O 9. h3 Nc6 10. Be3 Bf5 11. Qc1 Rad8 12. a5 Ne4 13. Bd3 Nxc3 14. bxc3 Qd5 15.
c4 Qd7 16. d5 Ne5 17. Nxe5 Bxe5 18. Rb1 c6 19. Bxf5 Qxf5 20. Rxb7 cxd5 21. cxd5
Rxd5 22. Bb6 Bf4 23. Qb1 Bd6 24. c4 Qf4 25. g3 Qxc4 26. Rc1 Qe2 27. Qc2 Rd2 28.
Qc3 Rd3 29. Qe1 Qf3 30. Ra7 Qf5 31. Qf1 Bxg3 32. fxg3 Rxg3+ 33. Kh2 Rf3 0-1

[Event "France 2019 - Accession"]
[Site "Chartres"]
[Date "2019.08.20"]
[Round "4.20"]
[White "Kollar, Romain"]
[Black "Le Goff, Ronan"]
[Result "1/2-1/2"]
[WhiteElo "2214"]
[BlackElo "2303"]
[PlyCount "85"]
[EventDate "2019.08.??"]
[EventType "swiss"]
[EventRounds "9"]
[EventCountry "FRA"]
[WhiteTeam "Club d'Echecs de la Bruffière"]
[BlackTeam "Echiquier de l'Erdre"]

1. e4 e5 2. Nf3 Nc6 3. d4 exd4 4. Bc4 Be7 5. c3 Na5 6. Be2 d3 7. Bxd3 d6 8. O-O
Nf6 9. b4 Nc6 10. Nbd2 O-O 11. Qc2 h6 12. b5 Nb8 13. c4 Nbd7 14. Bb2 Ng4 15. h3
Nge5 16. Be2 Bf6 17. Nd4 Re8 18. N2b3 Ng6 19. Rfe1 Be5 20. Rad1 Qf6 21. g3 Nc5
22. Bf1 Ne6 23. Nxe6 Bxe6 24. Bc1 Bc3 25. Re3 Bb4 26. a3 Bc5 27. Nxc5 dxc5 28.
Bb2 Qe7 29. f4 f6 30. Rde1 Nf8 31. f5 Bf7 32. e5 fxe5 33. Rxe5 Qg5 34. Qf2 Nd7
35. h4 Qd8 36. Rxe8+ Bxe8 37. Bg2 Rb8 38. Bd5+ Bf7 39. Be6 Qe7 40. Bxd7 Qxd7
41. Qxc5 Re8 42. Rxe8+ Qxe8 43. Qd4 1/2-1/2

[Event "France 2019 - Accession"]
[Site "Chartres"]
[Date "2019.08.20"]
[Round "4.21"]
[White "Ronce, Nathan"]
[Black "Travadon, Loic"]
[Result "0-1"]
[WhiteElo "2204"]
[BlackElo "2399"]
[PlyCount "134"]
[EventDate "2019.08.??"]
[EventType "swiss"]
[EventRounds "9"]
[EventCountry "FRA"]
[WhiteTeam "Echiquier Montelais"]
[BlackTeam "Cergy Pontoise Echecs"]

1. e4 e6 2. d4 d5 3. exd5 exd5 4. Nf3 Nf6 5. Bd3 Bd6 6. Qe2+ Be6 7. c4 c6 8.
O-O O-O 9. Ne5 dxc4 10. Bxc4 Bxc4 11. Qxc4 Nbd7 12. Bf4 Qc7 13. Nxd7 Qxd7 14.
Bxd6 Qxd6 15. Nd2 Nd5 16. Nf3 a5 17. Qc2 Qg6 18. Qd2 f6 19. Rac1 Rfe8 20. Rfe1
a4 21. a3 Qg4 22. h3 Qf4 23. Qc2 Qh6 24. Rcd1 Qg6 25. Rxe8+ Rxe8 26. Qd2 Re4
27. Kh2 Nf4 28. g3 Nd5 29. Re1 Qe8 30. Kg2 g5 31. Rxe4 Qxe4 32. Qe1 Qf5 33. Qd1
b5 34. Qe1 Kf7 35. Qe2 h6 36. Ne1 Nb6 37. Qh5+ Kg7 38. Qf3 Qxf3+ 39. Kxf3 b4
40. axb4 Nc4 41. Ke4 Nxb2 42. d5 cxd5+ 43. Kxd5 Kf7 44. Kd6 a3 45. Nc2 a2 46.
b5 Nc4+ 47. Kc5 Na3 48. Na1 Ke6 49. b6 Kd7 50. f4 gxf4 51. gxf4 Nb1 52. b7 Kc7
53. Kd5 Kxb7 54. Ke6 Kc6 55. Kxf6 Kd5 56. f5 Nc3 57. Kg6 Ne4 58. f6 Ke5 59. f7
Ng5 60. Kxh6 Nxf7+ 61. Kg6 Nd8 62. Kg5 Ne6+ 63. Kg4 Kd4 64. Kf3 Kd3 65. h4 Nd4+
66. Kf2 Nc2 67. h5 Nxa1 0-1